ドボンクイズ~サンリオとコラボしたコンテンツ~ - Statistics

General Stats
  • This quiz has been taken 71 times
  • The average score is 5 of 54
Answers on the Grid
Answers color-coded by a green-red scale on the quiz's grid according to % correct below.
ストリートファイター
魔法少女まどか☆マギカ
ソニック
おそ松さん
とびだせどうぶつの森
ポプテピピック
あんさんぶるスターズ!
スプラトゥーン
ラブライブ!
銀魂
文豪ストレイドッグス
僕のヒーローアカデミア
メイドインアビス
ふたりはプリキュア
ソードアート・オンライン
おジャ魔女どれみ
ゾンビランドサガ
東方Project
きららファンタジア
ゆるキャン△
ひぐらしのなく頃に
Fate/Grand Order
ダンガンロンパシリーズ
はたらく細胞
BLEACH
呪術廻戦
カードキャプターさくら
進撃の巨人
ゆるゆり
NARUTO
美少女戦士セーラームーン
地縛少年花子くん
弱虫ペダル
Dr.STONE
シャーマンキング
ゴールデンカムイ
地獄先生ぬ~べ~
五等分の花嫁
ちいかわ
ヒカルの碁
テニスの王子様
イナズマイレブン
ときめきメモリアル
魔入りました!入間くん
ブルーロック
ハイキュー!!
アイカツ!
忍たま乱太郎
シルバニアファミリー
やはり俺の青春ラブコメはまちがっている。
クレヨンしんちゃん
リコリス・リコイル
お兄ちゃんはおしまい!!
黒子のバスケ
鬼滅の刃
ワンピース
トトロ
ファイナルファンタジー
ドラゴンクエスト
マリオ
原神
バイオハザード
ゼルダの伝説
星のカービィ
ペルソナ
コードギアス
エヴァンゲリオン
狼と香辛料
涼宮ハルヒの憂鬱
幽遊白書
HUNTER×HUNTER
ブラッククローバー
干物妹!うまるちゃん
Re:ゼロから始める異世界生活
 
Answer Stats
Answer % Correct
ちいかわ
33%
ラブライブ!
22%
ふたりはプリキュア
20%
僕のヒーローアカデミア
18%
美少女戦士セーラームーン
18%
五等分の花嫁
18%
ブルーロック
18%
スプラトゥーン
16%
カードキャプターさくら
16%
進撃の巨人
16%
とびだせどうぶつの森
14%
あんさんぶるスターズ!
14%
おジャ魔女どれみ
14%
クレヨンしんちゃん
14%
ポプテピピック
12%
ハイキュー!!
12%
東方Project
12%
おそ松さん
10%
銀魂
10%
イナズマイレブン
10%
アイカツ!
10%
シルバニアファミリー
10%
黒子のバスケ
10%
魔法少女まどか☆マギカ
8%
きららファンタジア
8%
呪術廻戦
8%
魔入りました!入間くん
8%
Dr.STONE
8%
ソニック
6%
文豪ストレイドッグス
6%
ゆるキャン△
6%
ダンガンロンパシリーズ
6%
テニスの王子様
6%
忍たま乱太郎
6%
BLEACH
6%
メイドインアビス
4%
ソードアート・オンライン
4%
ゾンビランドサガ
4%
はたらく細胞
4%
ゆるゆり
4%
地縛少年花子くん
4%
弱虫ペダル
4%
シャーマンキング
4%
ゴールデンカムイ
4%
地獄先生ぬ~べ~
4%
ときめきメモリアル
4%
やはり俺の青春ラブコメはまちがっている。
4%
Fate/Grand Order
4%
ストリートファイター
2%
ひぐらしのなく頃に
2%
ヒカルの碁
2%
リコリス・リコイル
2%
お兄ちゃんはおしまい!!
2%
NARUTO
2%
No matching quizzes found
Score Distribution
Percent of People with Each Score
Percentile by Number Answered
Your Score History
You have not taken this quiz